Grande Larousse encyclopédique. T.1b
Zapisane w:
| Format: | Książka |
|---|---|
| Język: | Undetermined |
| Wydane: |
Paris
Larousse
1960
|
| Hasła przedmiotowe: | |
| Etykiety: |
Dodaj etykietę
Nie ma etykietki, Dołącz pierwszą etykiete!
|
| Thư viện lưu trữ: | Trung tâm Học liệu Trường Đại học Cần Thơ |
|---|
| LEADER | 00429nam a2200157Ia 4500 | ||
|---|---|---|---|
| 001 | CTU_25689 | ||
| 008 | 210402s9999 xx 000 0 und d | ||
| 082 | |a 034 | ||
| 082 | |b G751/T.1b | ||
| 245 | 0 | |a Grande Larousse encyclopédique. T.1b | |
| 260 | |a Paris | ||
| 260 | |b Larousse | ||
| 260 | |c 1960 | ||
| 650 | |a encyclopedias and dictionaries | ||
| 904 | |i Minh, 980929 | ||
| 980 | |a Trung tâm Học liệu Trường Đại học Cần Thơ | ||